Análisis del impacto de las componentes armónicas por el uso de bombillo fluorescentes compactos en el sector residencial
Furkejuvvon:
| Váldodahkki: | |
|---|---|
| Eará dahkkit: | |
| Materiálatiipa: | Girji |
| Giella: | Spanish |
| Almmustuhtton: |
[San José, Costa Rica]
2011
|
| Fáttát: | |
| Fáddágilkorat: |
Lasit fáddágilkoriid
Eai fáddágilkorat, Lasit vuosttaš fáddágilkora!
|
MARC
| LEADER | 00000nam a22000007a 4500 | ||
|---|---|---|---|
| 003 | 010641 | ||
| 005 | 20231003154511.0 | ||
| 008 | 151111b2011 cr a|||| |||| 00| 0 spa d | ||
| 040 | |c cru CEDI | ||
| 090 | |a TFG 6473 | ||
| 100 | |9 856 |a Suárez Hernández, Eduardo Alberto, 1988- | ||
| 245 | |a Análisis del impacto de las componentes armónicas por el uso de bombillo fluorescentes compactos en el sector residencial | ||
| 260 | |a [San José, Costa Rica] |c 2011 | ||
| 500 | |a Proyecto de graduación (bachillerato en ingeniería eléctrica)--Universidad de Costa Rica. Facultad de Ingeniería. Escuela de Ingeniería Eléctrica | ||
| 501 | |a Profesor Guía de IE-0502 Proyecto Eléctrico: Ing. Luis Fernando Andrés Jácome | ||
| 650 | |x ALUMBRADO FLUORESCENTE |x LAMPARAS FLUORESCENTES |9 2242 | ||
| 700 | |9 715 |a Andrés Jácome, Luis Fernando, 1964- |d Director de Proyecto Eléctrico | ||
| 942 | |c CEDI | ||
| 999 | |c 14478 |d 14478 | ||
